000 00830nam a2200217 i 4500
001 173030
003 ES-MaACL
005 20250809070336.0
008 091014s1989 fr |||| | fre d
020 _a2-253-04930-1
080 _a784 : 323.272 (44) "1789"
245 0 0 _aChants de la Révolution française /
_cchoix établi par François Moureau et Élisabeth Wahl.
260 _aParis :
_bLibrairie Générale Française,
_c1989.
300 _a222 p. :
_bmús. ;
_c17 cm.
490 1 _aLe livre de poche ;
_v6610
650 4 _aCanciones francesas-
_yS.XVIII-XIX
_910728
651 4 _aFrancia-
_xHistoria-
_y1789-1799, Revolución-
_vCanciones.
_98687
830 0 3 _aLe livre de poche
_v6610
_9179656
852 4 _aES-MaACL
_jE-13026
_9R.139370 . -
_zBiblioteca Jacinto Martínez Lacalle
999 _c173030
_d173030